000 00369pab a2200157 454500
008 180718b2008 xxu||||| |||| 00| 0 eng d
100 _aYadav, Supriya
245 _aEmancipation of women: from awareness to empowerment
260 _c2008
300 _ap.412-9.
362 _aOct-Dec
650 _aWomen
773 _aSocial Action
908 _aN
909 _a80123
999 _c80123
_d80123